| 000 | 00485 a2200169 4500 | ||
|---|---|---|---|
| 003 | Nust | ||
| 005 | 20170207153340.0 | ||
| 040 | _cNust | ||
| 082 | _a005.1 | ||
| 100 | _aKhalid , Yaser Capt BESE-02 | ||
| 245 |
_aSignal acquisition and processing system for diagnosis of cardiac malfunctioning (Hard / Softcopy) _cCapt yaser Khalid & Capt Faisal Zesan BESE-02 |
||
| 260 |
_bMCS _c2000 |
||
| 300 | _a55p | ||
| 538 | _aT4 And Shelf No 2 | ||
| 650 | _aUG Projects | ||
| 651 | _aUG CS Projects | ||
| 942 | _cTHS | ||
| 999 |
_c184266 _d184266 |
||